| 000 | 01087cam a2200313 i 4500 | ||
|---|---|---|---|
| 942 | _cBK | ||
| 999 |
_c538 _d538 |
||
| 001 | 17449745 | ||
| 003 | OSt | ||
| 005 | 20250420134815.0 | ||
| 008 | 120831s2013 nyua 001 0 eng | ||
| 010 | _a 2012948438 | ||
| 020 | _a9780071794565 | ||
| 040 |
_aDLC _beng _erda _cKCST |
||
| 042 | _apcc | ||
| 050 | 0 | 0 |
_aQA184.2 _b.L53 2013 |
| 082 |
_a512.5 _bLi Li |
||
| 100 | 1 |
_aLipschutz, Seymour. _94863 |
|
| 240 | 1 | 0 | _aSchaum's outline of theory and problems of linear algebra |
| 245 | 1 | 0 |
_aLinear algebra : _b612 fully solved problems / _cby Seymour Lipschutz, PhD, Temple University, Marc Lars Lipson, PhD, University of Virginia. |
| 250 | _a5th edition. | ||
| 260 |
_aNew York : _bMcGraw-Hill, _c2013. |
||
| 300 |
_avi, 426 pages : _billustrations ; _c28 cm. |
||
| 490 | 0 | _aSchaum's outline series | |
| 500 | _aRevision of: Schaum's outline of theory and problems of linear algebra / Seymour Lipschutz. 3rd ed. 2002. | ||
| 500 | _aIncludes index. | ||
| 650 | 0 |
_aLinear Algebra _vOutlines, syllabi, etc. _94864 |
|
| 700 | 1 |
_aLipson, Marc. _94866 |
|
| 942 | _2ddc | ||